[Event "16PCR_ZK02"]
[Site "?"]
[Date "2005.??.??"]
[Round "?"]
[White "Chlubna, Josef"]
[Black "Kratochvil, Jan"]
[Result "0-1"]
[WhiteElo "1647"]
[BlackElo "1818"]
[PlyCount "80"]
[EventDate "2005.??.??"]
[EventType "corr"]
[EventRounds "2"]
[SourceDate "2005.02.23"]

1. e4 c5 2. Nf3 d6 3. d4 cxd4 4. Nxd4 Nf6 5. Nc3 a6 6. h3 e6 7. Bg5 Be7 8. Bd3
Nc6 9. Nxc6 bxc6 10. O-O Bb7 11. b4 O-O 12. a3 Qc7 13. Qd2 c5 14. bxc5 Qxc5 15.
Rfe1 Qc7 16. Nd1 Rab8 17. Qe2 a5 18. Rb1 Rfe8 19. Bf4 h6 20. c4 Nd7 21. Qg4 Ne5
22. Bxe5 dxe5 23. Re3 Bxa3 24. Rf3 Ba6 25. Rxb8 Rxb8 26. Rg3 Bf8 27. Ne3 Rd8
28. Be2 Rd2 29. Qf3 Be7 30. Qg4 g6 31. h4 a4 32. Bd1 a3 33. Bb3 a2 34. Bxa2
Rxa2 35. Qf3 Bxh4 36. Rg4 Bxf2+ 37. Kh2 h5 38. Rg5 Qd8 39. Qxh5 Bxe3 40. Rg3
Bf4 0-1

[Event "16PCR_ZK02"]
[Site "?"]
[Date "2005.??.??"]
[Round "?"]
[White "Chlubna, Josef"]
[Black "Novak, Vaclav"]
[Result "0-1"]
[WhiteElo "1647"]
[BlackElo "1976"]
[PlyCount "50"]
[EventDate "2005.??.??"]
[EventType "corr"]
[EventRounds "2"]
[SourceDate "2005.02.23"]

1. e4 c5 2. Nf3 d6 3. d4 cxd4 4. Nxd4 a6 5. Nc3 Nf6 6. Be2 e5 7. Nf3 Be7 8. h3
O-O 9. O-O Nbd7 10. a3 b5 11. Nd5 Bb7 12. Qd3 Bxd5 13. exd5 e4 14. Qd2 exf3 15.
Bxf3 Ne5 16. Qe2 Rc8 17. c3 Qd7 18. Bf4 Nxf3+ 19. Qxf3 Qf5 20. Rfe1 Rfe8 21.
Rad1 Rc4 22. b4 Rxf4 23. Qe2 Ne4 24. Rd4 Bf6 25. Rd3 Rxf2 0-1

[Event "16PCR_ZK02"]
[Site "?"]
[Date "2005.??.??"]
[Round "?"]
[White "Chlubna, Josef"]
[Black "Nudcenko, Karel"]
[Result "0-1"]
[WhiteElo "1647"]
[BlackElo "2200"]
[PlyCount "66"]
[EventDate "2005.??.??"]
[EventType "corr"]
[EventRounds "2"]
[SourceDate "2005.02.23"]

1. d4 d5 2. Nf3 Nf6 3. c4 e6 4. Bg5 dxc4 5. Qa4+ Nbd7 6. Qxc4 c5 7. dxc5 Bxc5
8. Bxf6 Qxf6 9. Qc3 b6 10. e3 Bb7 11. Be2 Rc8 12. Qxf6 Nxf6 13. a3 Ke7 14. Nbd2
Rhd8 15. h3 Bd6 16. O-O Rc2 17. Rab1 Bb8 18. Rfd1 Bxf3 19. Nxf3 Rxe2 20. Nd4
Rxd4 21. Rxd4 Be5 22. Kf1 Rc2 23. Rb4 Nd5 24. Rh4 Bxb2 25. Rxh7 a5 26. Rxg7
Bxg7 27. g4 Bb2 28. h4 Rc1+ 29. Rxc1 Bxc1 30. g5 Bxa3 31. h5 Bb2 32. Kg2 a4 33.
h6 a3 0-1

[Event "16PCR_ZK02"]
[Site "?"]
[Date "2005.??.??"]
[Round "?"]
[White "Chlubna, Josef"]
[Black "Pensimus, Petr"]
[Result "1-0"]
[WhiteElo "1647"]
[BlackElo "1814"]
[PlyCount "59"]
[EventDate "2005.??.??"]
[EventType "corr"]
[EventRounds "2"]
[SourceDate "2005.02.23"]

1. d4 d5 2. Nc3 Nf6 3. e3 Bf5 4. Bd3 Bg6 5. b3 e6 6. Bb2 c5 7. Nf3 cxd4 8. exd4
Nc6 9. Bxg6 hxg6 10. Qe2 Qc7 11. Nb5 Qa5+ 12. Bc3 Qb6 13. O-O a6 14. a4 axb5
15. axb5 Na7 16. Qe5 Rc8 17. Qe3 Bd6 18. Rfe1 Bxh2+ 19. Nxh2 Rxh2 20. f3 Rh4
21. g3 Rh3 22. Kg2 Rh7 23. Rh1 Ne4 24. fxe4 Nxb5 25. Ba5 Qc6 26. Rxh7 Qxc2+ 27.
Qf2 Qxf2+ 28. Kxf2 Rc2+ 29. Ke3 Ra2 30. Rxa2 1-0

[Event "16PCR_ZK02"]
[Site "?"]
[Date "2005.??.??"]
[Round "?"]
[White "Chlubna, Josef"]
[Black "Stika, Vaclav"]
[Result "0-1"]
[WhiteElo "1647"]
[BlackElo "1991"]
[PlyCount "56"]
[EventDate "2005.??.??"]
[EventType "corr"]
[EventRounds "2"]
[SourceDate "2005.02.23"]

1. d4 d5 2. Nc3 Nf6 3. Nf3 g6 4. e3 Bg7 5. h3 O-O 6. Bd3 h6 7. O-O c5 8. b3 Nc6
9. Bb2 cxd4 10. exd4 Nb4 11. Ba3 Nxd3 12. Qxd3 Re8 13. Rfe1 Bf5 14. Qe2 Rc8 15.
Qe3 Qa5 16. Bb2 Ne4 17. Nxe4 dxe4 18. Nd2 Rxc2 19. Nc4 Qd5 20. Rac1 Rxc1 21.
Rxc1 Rc8 22. f3 exf3 23. Qxf3 Qxf3 24. gxf3 Bxh3 25. Na5 Bxd4+ 26. Kh2 Bxb2 27.
Rc2 Be5+ 28. Kxh3 Rxc2 0-1

[Event "16PCR_ZK02"]
[Site "?"]
[Date "2005.??.??"]
[Round "?"]
[White "Chlubna, Josef"]
[Black "Tyrlik, Jaroslav"]
[Result "1-0"]
[WhiteElo "1647"]
[BlackElo "1965"]
[PlyCount "48"]
[EventDate "2005.??.??"]
[EventType "corr"]
[EventRounds "2"]
[SourceDate "2005.02.23"]

1. e4 e6 2. d4 d5 3. exd5 exd5 4. Nd2 Nf6 5. h3 Bd6 6. Bd3 O-O 7. Ndf3 c5 8. b3
Ne4 9. Bb2 Re8 10. Ne2 Qa5+ 11. c3 cxd4 12. Nfxd4 Nc6 13. Bb5 Nxc3 14. Bxc3
Qxc3+ 15. Kf1 Qa5 16. Bxc6 bxc6 17. Nxc6 Qb6 18. Qxd5 Ba6 19. Qxd6 Rxe2 20. Qd4
Re4+ 21. Kg1 Rxd4 22. Nxd4 Qxd4 23. Re1 Rc8 24. Re2 Bxe2 1-0

[Event "16PCR_ZK02"]
[Site "?"]
[Date "2005.??.??"]
[Round "?"]
[White "Kratochvil, Jan"]
[Black "Chlubna, Josef"]
[Result "1-0"]
[WhiteElo "1818"]
[BlackElo "1647"]
[PlyCount "59"]
[EventDate "2005.??.??"]
[EventType "corr"]
[EventRounds "2"]
[SourceDate "2005.02.23"]

1. c4 e6 2. Nc3 c6 3. e4 Bb4 4. Nf3 Nf6 5. e5 Bxc3 6. dxc3 Ne4 7. Bd3 Nc5 8.
Be2 d5 9. exd6 Ne4 10. Qd4 Nf6 11. O-O h6 12. b3 Nbd7 13. Bf4 c5 14. Qd3 O-O
15. Rfe1 b6 16. Nd2 Bb7 17. Rad1 e5 18. Bg3 e4 19. Qe3 Re8 20. Bh4 Ne5 21. Nxe4
Bxe4 22. Bxf6 Qxf6 23. Qxe4 Nd7 24. Qb7 Qf5 25. Bd3 Qg4 26. h3 Qg5 27. Rxe8+
Rxe8 28. Qxd7 Rd8 29. Qxa7 Qe5 30. Qxb6 1-0

[Event "16PCR_ZK02"]
[Site "?"]
[Date "2005.??.??"]
[Round "?"]
[White "Kratochvil, Jan"]
[Black "Novak, Vaclav"]
[Result "0-1"]
[WhiteElo "1818"]
[BlackElo "1976"]
[PlyCount "68"]
[EventDate "2005.??.??"]
[EventType "corr"]
[EventRounds "2"]
[SourceDate "2005.02.23"]

1. c4 c5 2. Nc3 Nc6 3. g3 g6 4. Bg2 Bg7 5. e4 d6 6. d3 e6 7. Nge2 Nge7 8. h4 f5
9. exf5 Nxf5 10. Bg5 Qb6 11. Qd2 O-O 12. O-O-O h6 13. Bf4 Nb4 14. Be4 e5 15.
Be3 Be6 16. a3 Nd4 17. Nxd4 exd4 18. axb4 dxe3 19. fxe3 Bxc3 20. bxc3 cxb4 21.
cxb4 a5 22. Rdf1 Rxf1+ 23. Rxf1 axb4 24. Rf6 Ra1+ 25. Kb2 Qa5 26. Rxg6+ Kf8 27.
Rf6+ Bf7 28. Rxf7+ Ke8 29. Bc6+ bxc6 30. Qxb4 Qxb4+ 31. Kxa1 Kxf7 32. d4 Qb3
33. c5 d5 34. g4 Kg6 0-1

[Event "16PCR_ZK02"]
[Site "?"]
[Date "2005.??.??"]
[Round "?"]
[White "Kratochvil, Jan"]
[Black "Pensimus, Petr"]
[Result "1-0"]
[WhiteElo "1818"]
[BlackElo "1814"]
[PlyCount "49"]
[EventDate "2005.??.??"]
[EventType "corr"]
[EventRounds "2"]
[SourceDate "2005.02.23"]

1. c4 e6 2. Nf3 Nf6 3. d4 d5 4. Nc3 c6 5. e3 Nbd7 6. Bd3 dxc4 7. Bxc4 b5 8. Be2
Be7 9. e4 b4 10. e5 bxc3 11. exf6 Nxf6 12. bxc3 O-O 13. O-O c5 14. Rb1 Qc7 15.
Ba3 Bb7 16. Bxc5 Bxc5 17. dxc5 Rfd8 18. Qa4 Nd7 19. Rfd1 Nxc5 20. Rxd8+ Rxd8
21. Qxa7 Ra8 22. Qb6 Qxb6 23. Rxb6 Rxa2 24. Bf1 Bxf3 25. Rb8# 1-0

[Event "16PCR_ZK02"]
[Site "?"]
[Date "2005.??.??"]
[Round "?"]
[White "Kratochvil, Jan"]
[Black "Stika, Vaclav"]
[Result "0-1"]
[WhiteElo "1818"]
[BlackElo "1991"]
[PlyCount "110"]
[EventDate "2005.??.??"]
[EventType "corr"]
[EventRounds "2"]
[SourceDate "2005.02.23"]

1. c4 e5 2. Nc3 Nf6 3. Nf3 Nc6 4. e4 Bb4 5. d3 d6 6. g3 O-O 7. Bg2 Bg4 8. h3
Bxf3 9. Bxf3 Nd4 10. Bg2 a5 11. O-O c6 12. f4 Bc5 13. Kh2 Re8 14. Na4 Ba7 15.
fxe5 dxe5 16. Bg5 Re6 17. Qd2 Qd6 18. Rad1 Nd7 19. Be3 Qb4 20. Nc3 Rd6 21. a3
Qb3 22. Rb1 a4 23. Qf2 Rf8 24. Bg5 f6 25. Be3 Bc5 26. Rfd1 Rd8 27. Qd2 Nc2 28.
Bg1 Bxg1+ 29. Rxg1 Nc5 30. Rbc1 Nd4 31. Rgd1 Nde6 32. Qc2 Qxc2 33. Rxc2 Rxd3
34. Rxd3 Rxd3 35. Bf1 Rd6 36. h4 Nd4 37. Rc1 Kf7 38. Kh3 Ndb3 39. Re1 Nd2 40.
g4 Rd4 41. Kg2 g6 42. g5 Ndxe4 43. Nxe4 Nxe4 44. gxf6 Kxf6 45. Rc1 Nc5 46. Kg3
h5 47. Kh3 Rd2 48. Rb1 e4 49. Kg3 g5 50. hxg5+ Kxg5 51. Bg2 h4+ 52. Kh2 Kg4 53.
Kh1 Nd3 54. Bf1 Kg3 55. b3 Rh2+ 0-1

[Event "16PCR_ZK02"]
[Site "?"]
[Date "2005.??.??"]
[Round "?"]
[White "Kratochvil, Jan"]
[Black "Tyrlik, Jaroslav"]
[Result "0-1"]
[WhiteElo "1818"]
[BlackElo "1965"]
[PlyCount "38"]
[EventDate "2005.??.??"]
[EventType "corr"]
[EventRounds "2"]
[SourceDate "2005.02.23"]

1. c4 c5 2. Nc3 g6 3. g3 Bg7 4. Bg2 Nc6 5. Nf3 e6 6. a3 Nge7 7. b4 Nxb4 8. Bb2
Nbc6 9. Rb1 d6 10. d3 O-O 11. O-O b6 12. e3 Bb7 13. Ne2 Bxb2 14. Rxb2 e5 15.
Qa4 Qd7 16. Nc3 f5 17. Rbb1 Rad8 18. Nd2 Na5 19. Rxb6 Bxg2 0-1

[Event "16PCR_ZK02"]
[Site "?"]
[Date "2005.??.??"]
[Round "?"]
[White "Kratochvil, Jan"]
[Black "Urban, Milos"]
[Result "1-0"]
[WhiteElo "1818"]
[BlackElo "1600"]
[PlyCount "65"]
[EventDate "2005.??.??"]
[EventType "corr"]
[EventRounds "2"]
[SourceDate "2005.02.23"]

1. c4 Nf6 2. Nc3 e6 3. Nf3 Bb4 4. Qc2 O-O 5. a3 Bxc3 6. Qxc3 d6 7. b4 e5 8. Bb2
Nc6 9. d3 Bg4 10. e3 a6 11. Be2 Re8 12. O-O d5 13. h3 Bh5 14. cxd5 Nxd5 15. Qb3
b5 16. Rac1 Qd6 17. Nxe5 Nxe5 18. Bxh5 g6 19. Be2 Rac8 20. d4 Nd7 21. e4 N5b6
22. e5 Qd5 23. Bd1 c6 24. Qxd5 Nxd5 25. Bg4 Re7 26. Rfe1 Rc7 27. Kh2 N7b6 28.
Be2 Na4 29. Ba1 f5 30. Bd1 Nab6 31. Bb3 Kh8 32. Rc2 Re6 33. Rec1 1-0

[Event "16PCR_ZK02"]
[Site "?"]
[Date "2005.??.??"]
[Round "?"]
[White "Novak, Vaclav"]
[Black "Chlubna, Josef"]
[Result "1-0"]
[WhiteElo "1976"]
[BlackElo "1647"]
[PlyCount "49"]
[EventDate "2005.??.??"]
[EventType "corr"]
[EventRounds "2"]
[SourceDate "2005.02.23"]

1. Nf3 Nc6 2. g3 g6 3. d4 d5 4. Bg2 Bg7 5. c3 Bd7 6. Qb3 Bc8 7. e4 e6 8. Nbd2
dxe4 9. Nxe4 b6 10. Ne5 Bb7 11. Bg5 Bf6 12. Nxc6 Bxc6 13. Nxf6+ Nxf6 14. Bxc6+
Ke7 15. Qb4+ Qd6 16. Qb5 Rab8 17. Bf4 Qd8 18. Qb4+ Qd6 19. Bxd6+ cxd6 20. O-O
a5 21. Qb5 Ne8 22. Qa6 Nc7 23. Qa7 Rhc8 24. c4 Kf8 25. Bd7 1-0

[Event "16PCR_ZK02"]
[Site "?"]
[Date "2005.??.??"]
[Round "?"]
[White "Novak, Vaclav"]
[Black "Kratochvil, Jan"]
[Result "1-0"]
[WhiteElo "1976"]
[BlackElo "1818"]
[PlyCount "57"]
[EventDate "2005.??.??"]
[EventType "corr"]
[EventRounds "2"]
[SourceDate "2005.02.23"]

1. e4 c6 2. d4 d5 3. e5 Bf5 4. Nc3 Qb6 5. g4 Bd7 6. Na4 Qc7 7. Be3 e6 8. Bg2
Ne7 9. Qd2 b6 10. O-O-O c5 11. Nc3 cxd4 12. Bxd4 Ng6 13. f4 Nc6 14. Nb5 Qd8 15.
Nd6+ Bxd6 16. exd6 O-O 17. h4 Nxh4 18. Bc3 Nxg2 19. Qxg2 f6 20. g5 fxg5 21. Qh2
h6 22. Bxg7 Rf7 23. Bxh6 Qf6 24. Bxg5 Qg7 25. Nf3 Qh7 26. Bh6 Rf5 27. Rdg1+ Kf7
28. Rg7+ Qxg7 29. Bxg7 1-0

[Event "16PCR_ZK02"]
[Site "?"]
[Date "2005.??.??"]
[Round "?"]
[White "Novak, Vaclav"]
[Black "Pensimus, Petr"]
[Result "1/2-1/2"]
[WhiteElo "1976"]
[BlackElo "1814"]
[PlyCount "93"]
[EventDate "2005.??.??"]
[EventType "corr"]
[EventRounds "2"]
[SourceDate "2005.02.23"]

1. d4 d5 2. Nf3 Nf6 3. Bf4 c6 4. e3 Qb6 5. Qc1 Bf5 6. c4 dxc4 7. Bxc4 h6 8. O-O
e6 9. Nbd2 Nbd7 10. Be2 Qd8 11. Nc4 Nb6 12. Na5 Qc8 13. Be5 Ng4 14. Bg3 Nf6 15.
Ne5 Be7 16. f3 O-O 17. e4 Bh7 18. Nac4 Nh5 19. Nxb6 axb6 20. Bf2 Qc7 21. Qc3
Bd6 22. Be3 b5 23. Rfc1 Rfd8 24. Bxb5 Nf6 25. Bc4 Nd7 26. Bf4 b5 27. Bb3 c5 28.
Bg3 c4 29. Bc2 Nxe5 30. Bxe5 Bxe5 31. dxe5 Qc5+ 32. Kh1 b4 33. Qe1 Qxe5 34.
Qxb4 Rdb8 35. Qxc4 Rxb2 36. Rcb1 Bg6 37. a4 Rab8 38. Rxb2 Rxb2 39. Rd1 Kh7 40.
Qd3 Qc5 41. Rc1 Qf2 42. Qc3 Ra2 43. Qb3 Qd2 44. Qb1 Kg8 45. h3 Kh7 46. h4 Ra3
47. Rf1 1/2-1/2

[Event "16PCR_ZK02"]
[Site "?"]
[Date "2005.??.??"]
[Round "?"]
[White "Novak, Vaclav"]
[Black "Tyrlik, Jaroslav"]
[Result "0-1"]
[WhiteElo "1976"]
[BlackElo "1965"]
[PlyCount "64"]
[EventDate "2005.??.??"]
[EventType "corr"]
[EventRounds "2"]
[SourceDate "2005.02.23"]

1. e4 e6 2. d4 d5 3. Nd2 c5 4. Ngf3 Nc6 5. exd5 exd5 6. Bb5 Bd6 7. dxc5 Bxc5 8.
O-O Nge7 9. Nb3 Bd6 10. Bg5 O-O 11. Bh4 Qb6 12. Bd3 f6 13. Re1 Bg4 14. h3 Bh5
15. g4 Bf7 16. Kg2 d4 17. Nbxd4 Nxd4 18. Nxd4 Rfe8 19. Nb3 Nd5 20. Kh1 Nf4 21.
Qf3 Nxd3 22. Qxd3 Be5 23. c3 a5 24. Kg2 a4 25. Nd2 Rad8 26. Qc2 g5 27. Bg3 Bxg3
28. fxg3 Bg6 29. Qc1 Rd3 30. Rxe8+ Bxe8 31. Qe1 Bc6+ 32. Kh2 Qxb2 0-1

[Event "16PCR_ZK02"]
[Site "?"]
[Date "2005.??.??"]
[Round "?"]
[White "Novak, Vaclav"]
[Black "Urban, Milos"]
[Result "1-0"]
[WhiteElo "1976"]
[BlackElo "1600"]
[PlyCount "53"]
[EventDate "2005.??.??"]
[EventType "corr"]
[EventRounds "2"]
[SourceDate "2005.02.23"]

1. c4 Nf6 2. Nc3 e6 3. e4 d5 4. e5 d4 5. exf6 dxc3 6. bxc3 Qxf6 7. d4 e5 8. Nf3
exd4 9. Bg5 Qe6+ 10. Be2 Be7 11. cxd4 Bxg5 12. Nxg5 Qe7 13. Qd2 Nc6 14. O-O
Nxd4 15. Bh5 Be6 16. Nxf7 Bxf7 17. Bxf7+ Qxf7 18. Rfe1+ Ne6 19. Rxe6+ Qxe6 20.
Re1 Qxe1+ 21. Qxe1+ Kf7 22. Qb1 b6 23. Qf5+ Ke7 24. Qe5+ Kf7 25. Qxc7+ Kf6 26.
g4 g5 27. Qd6+ 1-0

[Event "16PCR_ZK02"]
[Site "?"]
[Date "2005.??.??"]
[Round "?"]
[White "Nudcenko, Karel"]
[Black "Chlubna, Josef"]
[Result "1-0"]
[WhiteElo "2200"]
[BlackElo "1647"]
[PlyCount "39"]
[EventDate "2005.??.??"]
[EventType "corr"]
[EventRounds "2"]
[SourceDate "2005.02.23"]

1. e4 e5 2. Nf3 Nc6 3. Bb5 a6 4. Bxc6 dxc6 5. O-O Bg4 6. h3 Bxf3 7. Qxf3 Qf6 8.
Qg3 h6 9. d3 c5 10. Nc3 c6 11. f4 Bd6 12. fxe5 Qxe5 13. Bf4 Qd4+ 14. Kh1 Bxf4
15. Qxf4 Nf6 16. Ne2 Qd8 17. e5 Kf8 18. exf6 Rh7 19. Nc3 Qxf6 20. Qe4 1-0

[Event "16PCR_ZK02"]
[Site "?"]
[Date "2005.??.??"]
[Round "?"]
[White "Nudcenko, Karel"]
[Black "Kratochvil, Jan"]
[Result "1-0"]
[WhiteElo "2200"]
[BlackElo "1818"]
[PlyCount "79"]
[EventDate "2005.??.??"]
[EventType "corr"]
[EventRounds "2"]
[SourceDate "2005.02.23"]

1. e4 e5 2. Nf3 Nf6 3. d4 Nxe4 4. Bd3 d6 5. Bxe4 d5 6. Bg5 f6 7. Nxe5 dxe4 8.
Qh5+ g6 9. Nxg6 hxg6 10. Qxg6+ Kd7 11. Bxf6 Rh6 12. Qxh6 Bxh6 13. Bxd8 Kxd8 14.
Nd2 Bf4 15. Nxe4 Bf5 16. f3 Nc6 17. c3 Kd7 18. Kf2 Rf8 19. Rae1 Bh6 20. h3 Kc8
21. g4 Be6 22. g5 Bg7 23. h4 Bxa2 24. h5 Bh8 25. g6 Rg8 26. Nd2 Kd7 27. b3 Ne7
28. Ra1 Nd5 29. Rxa2 Nxc3 30. Ra5 Bxd4+ 31. Kg3 c6 32. Rf5 b5 33. f4 Kd6 34.
Rf7 a5 35. f5 Be3 36. h6 Ne2+ 37. Kg4 Bd4 38. h7 Re8 39. g7 Bxg7 40. Rxg7 1-0

[Event "16PCR_ZK02"]
[Site "?"]
[Date "2005.??.??"]
[Round "?"]
[White "Nudcenko, Karel"]
[Black "Tyrlik, Jaroslav"]
[Result "1/2-1/2"]
[WhiteElo "2200"]
[BlackElo "1965"]
[PlyCount "108"]
[EventDate "2005.??.??"]
[EventType "corr"]
[EventRounds "2"]
[SourceDate "2005.02.23"]

1. e4 e6 2. d4 d5 3. e5 c5 4. c3 Nc6 5. Nf3 Qb6 6. Bd3 cxd4 7. cxd4 Bd7 8. O-O
Nxd4 9. Nxd4 Qxd4 10. Nc3 a6 11. Qe2 Rc8 12. Kh1 Bc5 13. Bg5 h6 14. Bd2 Ne7 15.
f4 Ba7 16. Rad1 Qb6 17. Be1 d4 18. Bf2 Bc6 19. Ne4 Nf5 20. Nd6+ Nxd6 21. exd6
Qd8 22. f5 Qxd6 23. Qg4 h5 24. Qxg7 Qf8 25. Bxd4 Qxg7 26. Bxg7 Rg8 27. f6 Bd4
28. Rd2 h4 29. h3 Rc7 30. Bxa6 Be3 31. Re2 bxa6 32. Rxe3 Bd5 33. Rf2 Kd7 34. b3
Rgc8 35. Kh2 Rc2 36. Ree2 Rxe2 37. Rxe2 Rc3 38. Bf8 Rg3 39. Bb4 Rg6 40. Be1 Rh6
41. Bc3 Rg6 42. Be5 Kc6 43. Rf2 Be4 44. Bc3 Kd5 45. Rd2+ Kc5 46. Re2 Bd5 47.
Be1 Rh6 48. Bf2+ Kc6 49. Bd4 Rg6 50. Kg1 Bf3 51. Rd2 Bd5 52. Be5 Kd7 53. Rc2
Rg5 54. Bf4 Rg6 1/2-1/2

[Event "16PCR_ZK02"]
[Site "?"]
[Date "2005.??.??"]
[Round "?"]
[White "Nudcenko, Karel"]
[Black "Urban, Milos"]
[Result "1-0"]
[WhiteElo "2200"]
[BlackElo "1600"]
[PlyCount "33"]
[EventDate "2005.??.??"]
[EventType "corr"]
[EventRounds "2"]
[SourceDate "2005.02.23"]

1. e4 e5 2. Nf3 Nf6 3. d4 Nxe4 4. Bd3 d5 5. Nxe5 Nd7 6. Qe2 Nxe5 7. Bxe4 dxe4
8. Qxe4 Be6 9. Qxe5 Qd7 10. Be3 O-O-O 11. Qa5 a6 12. Nc3 f5 13. d5 Bf7 14.
O-O-O Bd6 15. h4 h6 16. Bd4 Rhg8 17. Bc5 1-0

[Event "16PCR_ZK02"]
[Site "?"]
[Date "2005.??.??"]
[Round "?"]
[White "Pensimus, Petr"]
[Black "Chlubna, Josef"]
[Result "1-0"]
[WhiteElo "1814"]
[BlackElo "1647"]
[PlyCount "43"]
[EventDate "2005.??.??"]
[EventType "corr"]
[EventRounds "2"]
[SourceDate "2005.02.23"]

1. e4 e5 2. Nf3 Nc6 3. Bb5 a6 4. Ba4 b5 5. Bb3 Nf6 6. O-O Be7 7. Qe2 O-O 8. c3
h6 9. d4 d6 10. Rd1 Bg4 11. h3 Bxf3 12. Qxf3 Nh7 13. Bd5 Qd7 14. Qg4 Qxg4 15.
hxg4 Ra7 16. Bxc6 Rb8 17. dxe5 dxe5 18. Be3 Raa8 19. Bxa8 Rxa8 20. a4 c6 21.
axb5 cxb5 22. Rd5 1-0

[Event "16PCR_ZK02"]
[Site "?"]
[Date "2005.??.??"]
[Round "?"]
[White "Pensimus, Petr"]
[Black "Kratochvil, Jan"]
[Result "0-1"]
[WhiteElo "1814"]
[BlackElo "1818"]
[PlyCount "82"]
[EventDate "2005.??.??"]
[EventType "corr"]
[EventRounds "2"]
[SourceDate "2005.02.23"]

1. e4 c6 2. d4 d5 3. exd5 cxd5 4. c4 Nf6 5. Nc3 e6 6. Nf3 Bb4 7. cxd5 Nxd5 8.
Qc2 Nc6 9. Bd3 Ba5 10. O-O Ndb4 11. Qd1 Nxd3 12. Qxd3 O-O 13. Bf4 h6 14. Rfd1
Nb4 15. Qe4 Nd5 16. Bd2 Nf6 17. Qh4 Bb6 18. Rac1 Bd7 19. Ne5 Be8 20. Qg3 Qxd4
21. Be3 Qb4 22. Bxh6 Nh5 23. Qf3 gxh6 24. Qxh5 f6 25. Qf3 fxe5 26. Qg3+ Kh7 27.
Rc2 Qf4 28. Qxf4 exf4 29. Rd6 e5 30. Nd5 Rd8 31. Rxd8 Bxd8 32. Rc8 Bc6 33. Nb4
Be4 34. Rc4 Bf5 35. Rc5 e4 36. Re5 f3 37. g3 Bg6 38. Nd5 Re8 39. Rxe8 Bxe8 40.
h4 a5 41. Kf1 Bb5+ 0-1

[Event "16PCR_ZK02"]
[Site "?"]
[Date "2005.??.??"]
[Round "?"]
[White "Pensimus, Petr"]
[Black "Novak, Vaclav"]
[Result "0-1"]
[WhiteElo "1814"]
[BlackElo "1976"]
[PlyCount "64"]
[EventDate "2005.??.??"]
[EventType "corr"]
[EventRounds "2"]
[SourceDate "2005.02.23"]

1. e4 e5 2. Nf3 Nc6 3. Bc4 Bc5 4. c3 Nf6 5. d4 exd4 6. cxd4 Bb4+ 7. Bd2 Bxd2+
8. Nbxd2 d5 9. exd5 Nxd5 10. Qb3 Nce7 11. O-O O-O 12. Rfe1 c6 13. Ne4 Nb6 14.
Bd3 Bf5 15. Neg5 Bxd3 16. Qxd3 Ng6 17. h4 h6 18. h5 hxg5 19. hxg6 Qf6 20. gxf7+
Rxf7 21. Qc2 Raf8 22. Re5 g4 23. Rh5 g6 24. Rg5 gxf3 25. Rxg6+ Rg7 26. Rxf6
Rxg2+ 27. Kf1 Rxf6 28. Qe4 Nc4 29. Rd1 Rh2 30. Qe8+ Kg7 31. Qd7+ Kh6 32. Qc8
Rh1# 0-1

[Event "16PCR_ZK02"]
[Site "?"]
[Date "2005.??.??"]
[Round "?"]
[White "Pensimus, Petr"]
[Black "Nudcenko, Karel"]
[Result "0-1"]
[WhiteElo "1814"]
[BlackElo "2200"]
[PlyCount "96"]
[EventDate "2005.??.??"]
[EventType "corr"]
[EventRounds "2"]
[SourceDate "2005.02.23"]

1. e4 e5 2. Nf3 Nc6 3. Bb5 a6 4. Bxc6 dxc6 5. O-O Qd6 6. Na3 Be6 7. Qe2 b5 8.
c3 c5 9. Nc2 Bc4 10. Qd1 Bxf1 11. Qxf1 c4 12. b3 Qd3 13. Qxd3 cxd3 14. Nce1 Bd6
15. a4 Rd8 16. h3 Nf6 17. Nxd3 Nxe4 18. Nfxe5 f6 19. Nc6 Ra8 20. Nd4 Kd7 21.
Nf5 g6 22. Nxd6 cxd6 23. b4 g5 24. f3 Ng3 25. Kf2 Nf5 26. Ne1 h5 27. Nc2 h4 28.
d3 Rhe8 29. f4 Rac8 30. Bd2 gxf4 31. axb5 axb5 32. Ra7+ Rc7 33. Rxc7+ Kxc7 34.
Kf3 Rg8 35. Bxf4 Kc6 36. Na1 Ra8 37. Nb3 Ra3 38. Na5+ Kd7 39. Kg4 Ng7 40. Bd2
Ra2 41. Be1 Rxg2+ 42. Kf3 Rh2 43. Bxh4 Rxh3+ 44. Kg4 Rxd3 45. Bxf6 Ne6 46. Nb3
Rd1 47. Kg3 Nc7 48. Kf2 Nd5 0-1

[Event "16PCR_ZK02"]
[Site "?"]
[Date "2005.??.??"]
[Round "?"]
[White "Pensimus, Petr"]
[Black "Stika, Vaclav"]
[Result "0-1"]
[WhiteElo "1814"]
[BlackElo "1991"]
[PlyCount "68"]
[EventDate "2005.??.??"]
[EventType "corr"]
[EventRounds "2"]
[SourceDate "2005.02.23"]

1. e4 e5 2. Nf3 Nc6 3. Bc4 Bc5 4. c3 Nf6 5. d4 exd4 6. O-O Nxe4 7. cxd4 d5 8.
dxc5 dxc4 9. Qxd8+ Kxd8 10. Rd1+ Bd7 11. Be3 Kc8 12. Nbd2 Nxd2 13. Rxd2 Re8 14.
Rc1 b5 15. cxb6 axb6 16. a3 Na5 17. Rd5 Be6 18. Rg5 g6 19. Re5 Nc6 20. Re4 f5
21. Rh4 h5 22. Ne1 Kb7 23. Kf1 Bd5 24. Bg5 Ne5 25. Rd4 c6 26. Rcd1 c3 27. Bf4
Bc4+ 28. Kg1 c5 29. Rd6 Bb3 30. Bxe5 Rxe5 31. Rd7+ Kc6 32. R7d6+ Kb5 33. Nd3
Bxd1 34. Nxe5 cxb2 0-1

[Event "16PCR_ZK02"]
[Site "?"]
[Date "2005.??.??"]
[Round "?"]
[White "Pensimus, Petr"]
[Black "Tyrlik, Jaroslav"]
[Result "0-1"]
[WhiteElo "1814"]
[BlackElo "1965"]
[PlyCount "92"]
[EventDate "2005.??.??"]
[EventType "corr"]
[EventRounds "2"]
[SourceDate "2005.02.23"]

1. e4 e6 2. d4 d5 3. Nd2 c5 4. exd5 exd5 5. dxc5 Bxc5 6. Nb3 Bb6 7. Nf3 Nf6 8.
Bb5+ Bd7 9. Qe2+ Ne4 10. Bd3 Bxf2+ 11. Kf1 O-O 12. Nbd2 Re8 13. Nxe4 Bh4 14.
Nxh4 dxe4 15. Bc4 Qxh4 16. Kg1 Nc6 17. Be3 Ne5 18. Bf2 Qg4 19. h3 Qg6 20. Bd5
Bc6 21. Bxc6 Qxc6 22. Bd4 Rac8 23. c3 Nd3 24. Rf1 Qe6 25. a3 f5 26. h4 f4 27.
h5 Rc7 28. Rh4 Rf7 29. Rd1 b6 30. h6 g6 31. Rf1 Qf5 32. Rh3 Re6 33. Rg3 Qb5 34.
Rxd3 Qxd3 35. Qxd3 exd3 36. Rd1 Re2 37. Rxd3 Rxb2 38. Bg7 Rf5 39. Rd4 Kf7 40.
Ra4 Ke6 41. Re4+ Kd5 42. Ra4 Ra2 43. c4+ Kd6 44. Rxa7 Rg5 45. Bf8+ Kc6 46. g3
Rxg3+ 0-1

[Event "16PCR_ZK02"]
[Site "?"]
[Date "2005.??.??"]
[Round "?"]
[White "Stika, Vaclav"]
[Black "Chlubna, Josef"]
[Result "1-0"]
[WhiteElo "1991"]
[BlackElo "1647"]
[PlyCount "61"]
[EventDate "2005.??.??"]
[EventType "corr"]
[EventRounds "2"]
[SourceDate "2005.02.23"]

1. e4 e5 2. Nf3 Nc6 3. Bb5 a6 4. Ba4 b5 5. Bb3 Nf6 6. O-O Be7 7. Re1 O-O 8. c3
d6 9. h3 h6 10. d4 Bb7 11. Qe2 Re8 12. Nbd2 Na5 13. Bc2 Nd7 14. d5 c6 15. b4
Nc4 16. Nxc4 bxc4 17. dxc6 Bxc6 18. Nd2 Nb6 19. a4 d5 20. a5 Nd7 21. exd5 Bxd5
22. Nxc4 Bxc4 23. Qxc4 Nf8 24. Be4 Ra7 25. Be3 Rc7 26. Qxa6 Rxc3 27. Qb5 Qb8
28. Qxb8 Rxb8 29. a6 Bxb4 30. Reb1 Nd7 31. a7 1-0

[Event "16PCR_ZK02"]
[Site "?"]
[Date "2005.??.??"]
[Round "?"]
[White "Stika, Vaclav"]
[Black "Kratochvil, Jan"]
[Result "1-0"]
[WhiteElo "1991"]
[BlackElo "1818"]
[PlyCount "63"]
[EventDate "2005.??.??"]
[EventType "corr"]
[EventRounds "2"]
[SourceDate "2005.02.23"]

1. e4 e5 2. Nf3 Nf6 3. Nxe5 d6 4. Nf3 Nxe4 5. d4 d5 6. Bd3 Bd6 7. O-O O-O 8. c4
c6 9. c5 Be7 10. Qc2 Na6 11. Bxa6 bxa6 12. Bf4 Re8 13. Ne5 Bb7 14. Nc3 Nxc3 15.
Qxc3 f6 16. Nd3 Qd7 17. Rfe1 g5 18. Bd6 Bxd6 19. cxd6 Qxd6 20. Nc5 Re7 21. Rxe7
Qxe7 22. Re1 Qf7 23. Qg3 Kg7 24. h4 Bc8 25. Qd6 Kh6 26. Re7 Qg6 27. hxg5+ Kxg5
28. Qxc6 Rb8 29. Qc7 Qb1+ 30. Kh2 Rxb2 31. Qg3+ Kh5 32. Nd3 1-0